UM Logo

Professional board examination for teachers: (Record no. 2039)

MARC details
000 -LEADER
fixed length control field 00575nam a22001697a 4500
008 - FIXED-LENGTH DATA ELEMENTS--GENERAL INFORMATION
fixed length control field 160427b xxu||||| |||| 00| 0 eng d
020 ## - INTERNATIONAL STANDARD BOOK NUMBER
International Standard Book Number 978-971-817-121-9
082 ## - DEWEY DECIMAL CLASSIFICATION NUMBER
Edition number 2006
Classification number DFil 371.12076
Item number P37
100 ## - MAIN ENTRY--PERSONAL NAME
9 (RLIN) 6573
Personal name Peña, Adela E.
245 ## - TITLE STATEMENT
Title Professional board examination for teachers:
Remainder of title a reviewer/
Statement of responsibility, etc. Adela E. Peña.
250 ## - EDITION STATEMENT
Edition statement Revised edition.
260 ## - PUBLICATION, DISTRIBUTION, ETC. (IMPRINT)
Place of publication, distribution, etc. Manila:
Name of publisher, distributor, etc. Booklore Publishing Corporation,
Date of publication, distribution, etc. c2006.
300 ## - PHYSICAL DESCRIPTION
Extent 267 pages;
Dimensions 22 cm.
650 #0 - SUBJECT ADDED ENTRY--TOPICAL TERM
9 (RLIN) 6574
Topical term or geographic name as entry element Examination, Teachers
General subdivision Review and exercises.
650 #0 - SUBJECT ADDED ENTRY--TOPICAL TERM
9 (RLIN) 6575
Topical term or geographic name as entry element Reviewer
General subdivision LET.
942 ## - ADDED ENTRY ELEMENTS (KOHA)
Source of classification or shelving scheme Dewey Decimal Classification
Koha item type Filipiniana
Holdings
Withdrawn status Lost status Source of classification or shelving scheme Damaged status Not for loan Collection code Home library Current library Shelving location Date acquired Source of acquisition Total Checkouts Full call number Barcode Date last seen Date last checked out Cost, replacement price Price effective from Koha item type
    Dewey Decimal Classification     Filipiniana UM Digos College - LIC UM Digos College - LIC Book Cart 09/01/2007 Purchased 2 DFil 371.12076 P37 2006 19216 05/15/2025 09/24/2018 385.00 04/27/2016 Filipiniana